000 02385nam a22002417a 4500
003 UA-OsUOA
005 20210803123850.0
008 210803b un ||||| |||| 00| 0 ukr d
040 _aUA-OsUOA
_bukr
_cUA-OsUOA
_dUA-OsUOA
041 _aukr
080 _a343.3/.7
090 _a343.3/.7
095 _a12.00.08
_bкримінальне право та кримінологія ; кримінально-виконавче право
100 _aАбакумова Ю. В.
245 _aКримінальна відповідальність особи за вчинення злочину при виконанні спеціального завдання з попередження чи розкриття злочинної діяльності організованої групи чи злочинної організації
_cАбакумова Юлія Вікторівна ; наук. керівник Баулін Юрій Васильович
260 _aХарків
_c2007
300 _a23 с.
502 _6Автореферат дисертації на здобуття наукового ступеня кандидата юридичних наук
_cНаціональна юридична академія України імені Ярослава Мудрого
_d2007
520 _aДисертація присвячена проблемам кримінальної відповідальності за злочини, вчинені при перевищенні меж правомірного заподіяння шкоди при виконанні спеціального завдання. Розглядаються загальні питання щодо правової природи вчинення злочинів при виконанні спеціального завдання, коло таких злочинів та особливості кримінальної відповідальності за їх вчинення. Сформульовані пропозиції щодо вдосконалення відповідних положень чинного кримінального законодавства України та практики його застосування.
650 _2UDC
_a343 Кримінальне право. Карні порушення
942 _2udc
_cAR
955 _a1
999 _c571076
_d571076